| 000 | 01009nam a2200289Ia 4500 | ||
|---|---|---|---|
| 003 | GCL | ||
| 008 | 140319s9999 xx 000 0 ara d | ||
| 020 | _a2870209960 | ||
| 040 |
_aGCL / _cGCL |
||
| 082 | 0 | 4 |
_a616.0252 _bع ا |
| 100 | 1 | _aعبدالكريم بن سعيد المقادمة | |
| 245 | 1 | 0 |
_aالاسعافات الاولية والانقاذ القلبى الرئوى / _cعبدالكريم بن سعيد المقادمة |
| 700 | 1 | _aعبدالله بن سليمان الحربش | |
| 700 | 1 | _aعبدالعزيز بن محمد الفريان | |
| 250 | _aالاولى | ||
| 260 |
_aالرياض : _bمكتبة العبيكان ، _c2001 |
||
| 300 |
_a135 ص ؛ _c16 سم |
||
| 490 |
_aسلسلة الحبيب الطبية _v0 |
||
| 650 | 0 | 4 | _aالاسعافات الاولية |
| 650 | 0 | 4 | _aالكسور |
| 650 | 0 | 4 | _aالتمريض |
| 650 | 0 | 4 | _aالتنفس الصناعى |
| 650 | 0 | 4 | _aالانعاش |
| 650 | 0 | 4 | _aالحروق |
| 650 | 0 | 4 | _aالانقاذ |
| 942 |
_2ddc _cBK |
||
| 999 |
_c7908 _d7908 |
||